<?xml version="1.0" encoding="UTF-8"?><?xml-stylesheet type="text/xsl" href="static/style.xsl"?><OAI-PMH xmlns="http://www.openarchives.org/OAI/2.0/" xmlns:xsi="http://www.w3.org/2001/XMLSchema-instance" xsi:schemaLocation="http://www.openarchives.org/OAI/2.0/ http://www.openarchives.org/OAI/2.0/OAI-PMH.xsd"><responseDate>2026-06-01T09:55:49Z</responseDate><request verb="GetRecord" identifier="oai:riuma.uma.es:10630/41034" metadataPrefix="marc">https://riuma.uma.es/rest/oai/request</request><GetRecord><record><header><identifier>oai:riuma.uma.es:10630/41034</identifier><datestamp>2026-02-03T10:26:22Z</datestamp><setSpec>com_10630_1685</setSpec><setSpec>col_10630_38055</setSpec></header><metadata><record xmlns="http://www.loc.gov/MARC21/slim" xmlns:dcterms="http://purl.org/dc/terms/" xmlns:doc="http://www.lyncode.com/xoai" xmlns:xsi="http://www.w3.org/2001/XMLSchema-instance" xsi:schemaLocation="http://www.loc.gov/MARC21/slim http://www.loc.gov/standards/marcxml/schema/MARC21slim.xsd">
   <leader>00925njm 22002777a 4500</leader>
   <datafield ind2=" " ind1=" " tag="042">
      <subfield code="a">dc</subfield>
   </datafield>
   <datafield ind2=" " ind1=" " tag="720">
      <subfield code="a">Castro Bravo, Lidia Elena</subfield>
      <subfield code="e">author</subfield>
   </datafield>
   <datafield ind2=" " ind1=" " tag="260">
      <subfield code="c">2025</subfield>
   </datafield>
   <datafield ind2=" " ind1=" " tag="520">
      <subfield code="a">Lo que vibra en lo común parte de una pregunta fundamental: ¿Cómo pueden las imágenes, los espacios y los modos de hacer colectivos activar formas alternativas de habitar el mundo? Este interrogante se despliega en una práctica artística situada, centrada en la producción de obra desde y con la comunidad. En este marco, la autogestión no solo funciona como una forma de organización, sino que se entiende como una herramienta epistemológica, política y sensible que pone en valor los saberes compartidos, los vínculos afectivos y la experiencia vivida como materia creativa. La hipótesis que sostiene este trabajo es que es posible imaginar y materializar futuros más habitables mediante prácticas artísticas colectivas que se construyen desde lo doméstico, lo común y lo autogestionado. Estas prácticas constituyen formas de resistencia frente a los modos jerárquicos e institucionalizados de producción cultural, proponiendo nuevas maneras de relacionarnos con el hacer, el entorno y entre nosotres. La obra se articula desde el eje de la comunidad, señalando la imposibilidad del hacer sin el otro. Tanto el dibujo como la acción colectiva funcionan aquí como lenguajes que permiten registrar, construir y activar formas alternativas de habitar. En un tiempo marcado por la fragmentación y la pérdida de vínculos, estas prácticas proponen una resistencia discreta pero firme: crear desde lo compartido para imaginar, colectivamente, otros posibles.</subfield>
   </datafield>
   <datafield ind1="8" ind2=" " tag="024">
      <subfield code="a">https://hdl.handle.net/10630/41034</subfield>
   </datafield>
   <datafield tag="653" ind2=" " ind1=" ">
      <subfield code="a">Bellas Artes - Trabajos Fin de Grado</subfield>
   </datafield>
   <datafield tag="653" ind2=" " ind1=" ">
      <subfield code="a">Grado en Bellas Artes</subfield>
   </datafield>
   <datafield tag="653" ind2=" " ind1=" ">
      <subfield code="a">Arte</subfield>
   </datafield>
   <datafield ind2="0" ind1="0" tag="245">
      <subfield code="a">Lo que vibra en lo común</subfield>
   </datafield>
</record>
</metadata></record></GetRecord></OAI-PMH>